00561nam a2200193Ia 450000500170000000800410001702000180005804000190007604100120009508200150010710000220012224500500014426000390019430000120023350400500024565000370029565100250033285000100035720231102113755.0131103s9999 xx 000 0 und d a0-86091-719-3 aLoreto College aEnglish a320.5bWRI aWright, Erik Olin aClass, crisis and the statecErik Olin Wright aLondonbVersoc1978(1985 printing) a266 p.  aIncludes bibliographical references and index aPolitics - Political Ideology -  aPolitical Science -  aLCLIB